000 00546nam a22002057a 4500
003 OSt
005 20260123120126.0
008 260123b |||||||| |||| 00| 0 eng d
020 _a9789386896728
041 _aEng
050 _a610/FRA
100 _aFrancis Celestina
_9180613
110 _4Misra Kritika
245 _aNursing Foundation for B.Sc. Nursing Students ( 1 Semester)
250 _a1st
260 _aJalandhar Punjab
_b Lotus publishers
_c2022
300 _a360 P
610 _aNursing Foundation
_9216451
942 _2ddc
_cDB
999 _c370092
_d370092